01014nam a2200241 a 450000100100000000500170001000800410002704000250006808200160009311000480010924501950015726000480035230000210040050001000042150500220052150500310054365000510057465000270062570000310065270000260068370000350070970000280074400000625820260202103257.0090827s1986 dr 001 0 spa d aDO-SdBNPbspacBNPHU a377.8bI43r2 aUniversidad Tecnológica de Santiago UTESA13aLa influencia de la religión en el desarrollo educativo dominicano /cpresentado por: Rosario Olio de Regalado, Norma Reyes de Checo, Carmen Pérez de Rodríguez, William Genaro López. aSantiago de los Caballeros :bUTESA,c1986. a223 p. ;c21 cm. aTrabajo presentado como requisito para obtener el grado de master en ciencias de la educación2 aIncluye índice.2 aIncluye nota de contenido. 4aEducación católicazRepública Dominicana 0aIglesia y educación 1 aOlivo de Regalado, Rosario1 aReyes de Checo, Norma1 aPérez de Rodríguez, Carmen1 aGenaro López, William